000 00250nam a2200097Ia 4500
001 1120666
005 20250827004629.0
008 250824s9999 xx 000 0 und d
245 0 _aGÜN OLUR ASRA BEDEL
_cCENGİZ AYTMATOV
260 _bKETEBE YAYINCILIK
999 _c1120666
_d1120666